000 00611nam a22002057a 4500
999 _c8040
_d8040
003 AR-CdUCM
008 190322b ||||| |||| 00| 0 spa d
020 _a978-956-362-480-9
040 _aMUNICIPALIDAD PROVINCIAL DEL CUSCO
_cBIBLIOTECA MUNICIPAL DEL CUSCO
082 _a869.3 /
_bC13
100 _aCabezas Pinto, Verónica
_922725
245 _aTulipanes /
260 _aChile :
_bWesaldi,
300 _a3 partes ;
_c21 cm.
505 _aContenido : p.1: Tulipanes de papel -- p.2: Tulipnes y café.
650 _aNovela
_95
650 _aLiteratura chilena
_92985
942 _2ddc
_cLIBROS
945 _azta